| 000 | 00407nam a22001217a 4500 | ||
|---|---|---|---|
| 082 | _a200 THE | ||
| 100 |
_aAhmed Khawaja _970306 |
||
| 245 | _aTH-SOF-1428-Automatic Hair Removal and Detection of Melanoma in Dermoscopy Images | ||
| 260 |
_aIslamabad _bNUST College of EME _c2017 |
||
| 650 |
_aMS-COMPUTER ENGINEERING-77 MSTHESIS _969779 |
||
| 700 |
_aSupervisor Dr. Muhammad Usman Akram _969721 |
||
| 942 | _cCF | ||
| 999 |
_c577291 _d577291 |
||